000 00472 a2200121 4500
001 ART_12836
005 20260410161909.0
008 260409a
245 1 0 _aLa determinacion del costo de las ventas para su exposición en el cuadro de resultados contables y su relacion con el método de costeo utilizado
100 1 _aBottaro, Oscar Eduardo
700 1 _aVisconti, Rubén A.
773 0 _tCostos y gestión
_g- Año 14, Nº 54 (dic. 2004)
_wREV12786
999 _c26664
_d26664